[Event "Festival de Mulhouse 2021 Tournoi MI"]
[Site "MULHOUSE"]
[Date "2021.06.26"]
[Round "3.2"]
[White "Klek, Hanna Marie"]
[Black "Flear, Glenn C"]
[Result "1-0"]
[WhiteElo "2265"]
[BlackElo "2433"]
[PlyCount "83"]
[EventDate "2021.??.??"]
[BlackTeam "L'Echiquier du Roy René"]

1. e4 e5 2. Nf3 Nc6 3. d4 exd4 4. Bc4 Nf6 5. e5 d5 6. Bb5 Ne4 7. Nxd4 Bd7 8.
Bxc6 bxc6 9. O-O Bc5 10. f3 Ng5 11. f4 Ne4 12. Be3 Bb6 13. Nd2 Nxd2 14. Qxd2 c5
15. Nf3 d4 16. Bf2 Bc6 17. a4 a5 18. f5 Qd5 19. Bh4 Kd7 20. b3 Kc8 21. Qd3 Kb7
22. Rf2 Rae8 23. Re2 Rhg8 24. Bg3 Ka7 25. Kh1 g6 26. fxg6 Rxg6 27. Rf1 Bb7 28.
Nh4 Rxg3 29. hxg3 Rxe5 30. Rxe5 Qxe5 31. Rf4 Ba6 32. Qxh7 c4 33. Nf3 Qe3 34.
bxc4 Bxc4 35. Qf5 Be6 36. Qe5 Qc1+ 37. Kh2 c5 38. Ng5 Ba2 39. Qe7+ Ka6 40. Qe4
Qe3 41. Qa8+ Ba7 42. Qc8+ 1-0

[Event "Festival de Mulhouse 2021 Tournoi MI"]
[Site "MULHOUSE"]
[Date "2021.06.26"]
[Round "3.3"]
[White "Materia, Marco"]
[Black "Riff, Vincent"]
[Result "1/2-1/2"]
[WhiteElo "2287"]
[BlackElo "2405"]
[PlyCount "72"]
[EventDate "2021.??.??"]
[WhiteTeam "Nomad' Echecs"]
[BlackTeam "Grasse Echecs"]

1. d4 Nf6 2. c4 c6 3. Nc3 d5 4. Nf3 a6 5. c5 g6 6. h3 Bg7 7. Bf4 O-O 8. e3 Nbd7
9. Be2 Ne8 10. O-O Nc7 11. Rc1 Re8 12. Bg5 Bf6 13. Bxf6 exf6 14. Re1 f5 15. Bf1
Ne6 16. b4 Ng5 17. Nxg5 Qxg5 18. Ne2 Nf6 19. Nf4 h5 20. Qf3 Ne4 21. a4 Qf6 22.
Rc2 h4 23. Nd3 g5 24. b5 axb5 25. axb5 Ra3 26. Ne5 Kg7 27. bxc6 bxc6 28. Bd3
Rxe5 29. dxe5 Qxe5 30. Bxe4 fxe4 31. Qd1 Ba6 32. Qc1 Ra4 33. Qd2 Bd3 34. Ra2
Rc4 35. Rc1 Qf6 36. Ra3 Qe5 1/2-1/2

[Event "Festival de Mulhouse 2021 Tournoi MI"]
[Site "MULHOUSE"]
[Date "2021.06.26"]
[Round "3.4"]
[White "Colmenares, Aurelio"]
[Black "Lerch, Patrice"]
[Result "1-0"]
[WhiteElo "2316"]
[BlackElo "2354"]
[PlyCount "81"]
[EventDate "2021.??.??"]
[WhiteTeam "CE du Bassin Annemassien - Diagonale de l'Arv"]
[BlackTeam "Mulhouse Philidor"]

1. c4 Nf6 2. Nf3 g6 3. Nc3 c5 4. e3 Bg7 5. d4 O-O 6. d5 d6 7. Be2 Na6 8. O-O
Nc7 9. e4 Rb8 10. h3 e5 11. dxe6 Nxe6 12. Be3 b6 13. Qc2 Rb7 14. Rad1 Rd7 15.
Rfe1 Bb7 16. Bd3 Re8 17. Qd2 a6 18. Bh6 Bc6 19. Nd5 Bxd5 20. exd5 Nc7 21. Bf4
Rde7 22. Rxe7 Rxe7 23. b4 Ne4 24. Qc2 f5 25. bxc5 bxc5 26. Rb1 h6 27. h4 Ne8
28. Rb3 Kh7 29. h5 g5 30. Be3 N8f6 31. Nd2 Qe8 32. Nxe4 fxe4 33. Be2 Qa4 34.
Qb1 Nd7 35. Rb7 Bf6 36. Bg4 Ne5 37. Qxe4+ Kg7 38. Rxe7+ Bxe7 39. Be2 Qxa2 40.
Bd3 Nxd3 41. Qxe7+ 1-0

[Event "Festival de Mulhouse 2021 Tournoi MI"]
[Site "MULHOUSE"]
[Date "2021.06.26"]
[Round "3.5"]
[White "Kuhn, Clement"]
[Black "Viennot, Dylan"]
[Result "1-0"]
[WhiteElo "2302"]
[BlackElo "2332"]
[PlyCount "99"]
[EventDate "2021.??.??"]
[WhiteTeam "Ecole Française d'Echecs de Metz"]
[BlackTeam "Sundgau Echecs"]

1. Nf3 d5 2. g3 Bg4 3. Bg2 Nc6 4. d4 Qd7 5. h3 Bh5 6. O-O e6 7. c4 dxc4 8. Nbd2
Rd8 9. e3 b5 10. a4 a6 11. axb5 axb5 12. Ne5 Nxe5 13. Qxh5 Nd3 14. Qe2 c5 15.
Nf3 Bd6 16. b3 Ne7 17. bxc4 bxc4 18. Nd2 Qb5 19. Ba3 Nd5 20. Ne4 N5b4 21. Nxd6+
Rxd6 22. dxc5 Qxc5 23. Rfb1 O-O 24. Be4 Qe5 25. Bxd3 cxd3 26. Qb2 Qxb2 27. Rxb2
Ra8 28. Rxb4 f6 29. Rb8+ Rxb8 30. Bxd6 Rd8 31. Bb4 e5 32. e4 Rd4 33. Bc3 Rxe4
34. Rd1 h5 35. Rxd3 h4 36. g4 Rc4 37. Bd2 Rc7 38. f4 exf4 39. Bxf4 Rc4 40. Be3
g5 41. Rd5 Kf7 42. Rf5 Kg6 43. Kg2 Ra4 44. Kf3 Rc4 45. Ke2 Ra4 46. Kd3 Ra3+ 47.
Ke4 Rb3 48. Rf3 Ra3 49. Bd4 Ra6 50. Rxf6+ 1-0

[Event "Festival de Mulhouse 2021 Tournoi MI"]
[Site "MULHOUSE"]
[Date "2021.06.26"]
[Round "4.1"]
[White "Klek, Hanna Marie"]
[Black "Delchev, Aleksander"]
[Result "1/2-1/2"]
[WhiteElo "2265"]
[BlackElo "2503"]
[PlyCount "36"]
[EventDate "2021.??.??"]
[BlackTeam "Asnières - Le Grand Echiquier"]

1. e4 e5 2. Nf3 Nc6 3. d4 exd4 4. Nxd4 Nf6 5. Nc3 Bb4 6. Nxc6 bxc6 7. Bd3 d5 8.
exd5 O-O 9. O-O Bg4 10. f3 Bh5 11. dxc6 Qd4+ 12. Kh1 Bxc3 13. bxc3 Qxc3 14. Rb1
Bg6 15. Qe1 Qxc6 16. Bb2 Rab8 17. Bd4 Rxb1 18. Qxb1 a6 1/2-1/2

[Event "Festival de Mulhouse 2021 Tournoi MI"]
[Site "MULHOUSE"]
[Date "2021.06.26"]
[Round "4.3"]
[White "Lerch, Patrice"]
[Black "Materia, Marco"]
[Result "0-1"]
[WhiteElo "2354"]
[BlackElo "2287"]
[PlyCount "66"]
[EventDate "2021.??.??"]
[WhiteTeam "Mulhouse Philidor"]
[BlackTeam "Nomad' Echecs"]

1. e4 c5 2. Nc3 e6 3. g3 d5 4. exd5 exd5 5. Bg2 Nf6 6. d3 d4 7. Ne4 Nxe4 8.
Bxe4 Nd7 9. Ne2 Nf6 10. Bg2 Bd6 11. O-O O-O 12. c3 Re8 13. h3 dxc3 14. bxc3 Bf5
15. Bxb7 Bxh3 16. Re1 Rb8 17. Bf3 Nd7 18. Nf4 Bf5 19. d4 cxd4 20. Rxe8+ Qxe8
21. cxd4 Nf6 22. Be3 Qd7 23. a4 Ng4 24. Qd2 Bb4 25. Qa2 Nxe3 26. fxe3 Qe7 27.
Nd5 Qg5 28. Qf2 Bd6 29. Nf4 Rc8 30. Re1 Bb4 31. Rf1 Rc2 32. Ne2 Bd2 33. Nf4
Bxe3 0-1

[Event "Festival de Mulhouse 2021 Tournoi MI"]
[Site "MULHOUSE"]
[Date "2021.06.26"]
[Round "4.4"]
[White "Viennot, Dylan"]
[Black "Colmenares, Aurelio"]
[Result "1/2-1/2"]
[WhiteElo "2332"]
[BlackElo "2316"]
[PlyCount "63"]
[EventDate "2021.??.??"]
[WhiteTeam "Sundgau Echecs"]
[BlackTeam "CE du Bassin Annemassien - Diagonale de l'Arv"]

1. a3 d5 2. e3 e5 3. d4 exd4 4. exd4 Nf6 5. c4 Bd6 6. c5 Be7 7. Nc3 Bf5 8. Bb5+
c6 9. Ba4 O-O 10. Nge2 Re8 11. f3 Nbd7 12. b4 b5 13. Bb3 a5 14. Ra2 Nf8 15. O-O
a4 16. Bc2 Bxc2 17. Rxc2 Ng6 18. Ng3 Bf8 19. f4 Qd7 20. f5 Ne7 21. Bg5 Ne4 22.
Ncxe4 dxe4 23. f6 Nd5 24. fxg7 Bxg7 25. Nf5 Qe6 26. Qg4 Kh8 27. Kh1 Rf8 28. Re2
Qg6 29. Nh4 Qe6 30. Nf5 Qg6 31. Nh4 Qe6 32. Nf5 1/2-1/2

[Event "Festival de Mulhouse 2021 Tournoi MI"]
[Site "MULHOUSE"]
[Date "2021.06.26"]
[Round "4.5"]
[White "Papadiamandis, Elliot"]
[Black "Kuhn, Clement"]
[Result "1-0"]
[WhiteElo "2327"]
[BlackElo "2302"]
[PlyCount "69"]
[EventDate "2021.??.??"]
[WhiteTeam "Mulhouse Philidor"]
[BlackTeam "Ecole Française d'Echecs de Metz"]

1. e4 c5 2. Nf3 d6 3. d4 cxd4 4. Nxd4 Nf6 5. Nc3 Nc6 6. Bg5 e6 7. Qd2 a6 8.
O-O-O Bd7 9. f4 Be7 10. Nf3 b5 11. a3 h6 12. Bh4 Qa5 13. Kb1 b4 14. axb4 Nxb4
15. Bc4 Bc6 16. Nd4 Rc8 17. Bxf6 gxf6 18. Bb3 Bd7 19. f5 Qe5 20. Nf3 Qa5 21.
Rhe1 Nc6 22. Qe3 Ne5 23. Nd4 Nc4 24. Bxc4 Rxc4 25. Qg3 Kf8 26. Rf1 Qb4 27. fxe6
fxe6 28. Qg6 Rg8 29. Rxf6+ Bxf6 30. Qxf6+ Ke8 31. Nxe6 Rxc3 32. Qd8+ Kf7 33.
Rf1+ Kg6 34. Qxg8+ Kh5 35. Nf4+ 1-0

[Event "Festival de Mulhouse 2021 Tournoi MI"]
[Site "MULHOUSE"]
[Date "2021.06.26"]
[Round "5.1"]
[White "Delchev, Aleksander"]
[Black "Flear, Glenn C"]
[Result "1/2-1/2"]
[WhiteElo "2503"]
[BlackElo "2433"]
[PlyCount "30"]
[EventDate "2021.??.??"]
[WhiteTeam "Asnières - Le Grand Echiquier"]
[BlackTeam "L'Echiquier du Roy René"]

1. c4 e6 2. Nc3 d5 3. d4 Nf6 4. Nf3 c6 5. e3 Nbd7 6. Qc2 b6 7. cxd5 exd5 8. Bd3
Bb7 9. O-O Be7 10. e4 dxe4 11. Nxe4 O-O 12. Ne5 c5 13. Nxd7 Qxd7 14. Nxf6+ Bxf6
15. dxc5 Bxg2 1/2-1/2

[Event "Festival de Mulhouse 2021 Tournoi MI"]
[Site "MULHOUSE"]
[Date "2021.06.26"]
[Round "5.2"]
[White "Riff, Vincent"]
[Black "Lerch, Patrice"]
[Result "1/2-1/2"]
[WhiteElo "2405"]
[BlackElo "2354"]
[PlyCount "65"]
[EventDate "2021.??.??"]
[WhiteTeam "Grasse Echecs"]
[BlackTeam "Mulhouse Philidor"]

1. e4 c5 2. Nc3 Nc6 3. Bb5 Qc7 4. Nf3 e6 5. O-O Nge7 6. Re1 Ng6 7. Bf1 a6 8. d4
cxd4 9. Nxd4 Nxd4 10. Qxd4 Bd6 11. Qxg7 Bxh2+ 12. Kh1 Be5 13. Qh6 b5 14. f4
Bxc3 15. bxc3 Qxc3 16. Be3 Bb7 17. Rad1 Rg8 18. f5 Ne7 19. Qh4 Nc6 20. fxe6
dxe6 21. Rd3 Qg7 22. Red1 Qg4 23. Qh2 Qg3 24. Bb6 Qxh2+ 25. Kxh2 Ne5 26. Rc3
Bxe4 27. Rc7 Bd5 28. a4 Nc4 29. Bc5 Rg7 30. Bd4 Rg4 31. Bc5 Rg7 32. Bd4 Rg4 33.
Bc5 1/2-1/2

[Event "Festival de Mulhouse 2021 Tournoi MI"]
[Site "MULHOUSE"]
[Date "2021.06.26"]
[Round "5.3"]
[White "Materia, Marco"]
[Black "Viennot, Dylan"]
[Result "1/2-1/2"]
[WhiteElo "2287"]
[BlackElo "2332"]
[PlyCount "80"]
[EventDate "2021.??.??"]
[WhiteTeam "Nomad' Echecs"]
[BlackTeam "Sundgau Echecs"]

1. d4 e6 2. c4 d5 3. Nc3 c5 4. cxd5 exd5 5. Nf3 Nc6 6. g3 Nf6 7. Bg2 cxd4 8.
Nxd4 Bc5 9. Nb3 Bb6 10. O-O d4 11. Na4 O-O 12. Nxb6 axb6 13. Bg5 Be6 14. Qd2
Ra4 15. Nc1 h6 16. Bxf6 Qxf6 17. b3 Ra3 18. Nd3 Rfa8 19. Qb2 Bf5 20. Rfd1 Bxd3
21. Rxd3 Nb4 22. Rdd1 Rxa2 23. Rxa2 Rxa2 24. Qxd4 Qxd4 25. Rxd4 Nc6 26. Rd7
Ra1+ 27. Bf1 Rb1 28. Rxb7 Rxb3 29. Bh3 g6 30. Bd7 Ne5 31. Rb8+ Kg7 32. Be8 Nc4
33. Bc6 Ne5 34. Bd5 Rb1+ 35. Kg2 Rb2 36. Re8 Kf6 37. f4 Nd7 38. Kh3 g5 39. e4
Rf2 40. Bc6 Nc5 1/2-1/2

[Event "Festival de Mulhouse 2021 Tournoi MI"]
[Site "MULHOUSE"]
[Date "2021.06.26"]
[Round "5.4"]
[White "Colmenares, Aurelio"]
[Black "Papadiamandis, Elliot"]
[Result "1/2-1/2"]
[WhiteElo "2316"]
[BlackElo "2327"]
[PlyCount "23"]
[EventDate "2021.??.??"]
[WhiteTeam "CE du Bassin Annemassien - Diagonale de l'Arv"]
[BlackTeam "Mulhouse Philidor"]

1. Nf3 Nf6 2. c4 g6 3. Nc3 Bg7 4. e4 e5 5. Nxe5 O-O 6. Nf3 Re8 7. Bd3 Nxe4 8.
Bxe4 Bxc3 9. dxc3 Rxe4+ 10. Be3 Nc6 11. c5 b6 12. O-O 1/2-1/2

[Event "Festival de Mulhouse 2021 Tournoi MI"]
[Site "MULHOUSE"]
[Date "2021.06.26"]
[Round "5.5"]
[White "Kuhn, Clement"]
[Black "Klek, Hanna Marie"]
[Result "1-0"]
[WhiteElo "2302"]
[BlackElo "2265"]
[PlyCount "63"]
[EventDate "2021.??.??"]
[WhiteTeam "Ecole Française d'Echecs de Metz"]

1. e4 e5 2. Nf3 Nc6 3. Bb5 a6 4. Ba4 Nf6 5. O-O b5 6. Bb3 Bc5 7. Nc3 d6 8. Nd5
Be6 9. c3 Bb6 10. d4 Na5 11. Bg5 Nxb3 12. axb3 h6 13. Bxf6 gxf6 14. Nxb6 cxb6
15. d5 Bg4 16. h3 Bd7 17. Qd3 f5 18. exf5 Qf6 19. Qe3 Qxf5 20. Kh1 Ke7 21. Nd2
Qg6 22. f4 Rhg8 23. Rf2 Qg3 24. Qxg3 Rxg3 25. Re1 f6 26. Ne4 Rd3 27. fxe5 fxe5
28. Ref1 Be8 29. Rf6 Rxd5 30. Rxh6 Rd3 31. Rh7+ Ke6 32. c4 1-0

[Event "Festival de Mulhouse 2021 Tournoi MI"]
[Site "MULHOUSE"]
[Date "2021.06.26"]
[Round "6.1"]
[White "Delchev, Aleksander"]
[Black "Kuhn, Clement"]
[Result "1-0"]
[WhiteElo "2503"]
[BlackElo "2302"]
[PlyCount "93"]
[EventDate "2021.??.??"]
[WhiteTeam "Asnières - Le Grand Echiquier"]
[BlackTeam "Ecole Française d'Echecs de Metz"]

1. e4 e6 2. d4 d5 3. e5 c5 4. c3 Nc6 5. Nf3 Bd7 6. Be2 f6 7. O-O fxe5 8. dxe5
Qc7 9. Re1 Nh6 10. c4 d4 11. Na3 Nf7 12. Bf4 Be7 13. h4 O-O-O 14. Nb5 Qb6 15.
Ng5 Rdf8 16. Nxf7 Rxf7 17. Bg3 a6 18. Nd6+ Bxd6 19. exd6 Qxb2 20. Bg4 Re8 21.
Re2 Qa3 22. Qb1 e5 23. Bxd7+ Rxd7 24. Qxh7 Qc3 25. Qb1 d3 26. Re4 Rxd6 27. Qd1
d2 28. Qg4+ Kb8 29. Rd1 Ka8 30. Bf4 Red8 31. Be3 b6 32. Qxg7 Qc2 33. Qg4 Nb4
34. Rxe5 Nxa2 35. Re7 R8d7 36. Rxd7 Rxd7 37. Rxd2 Rxd2 38. Qc8+ Ka7 39. Qc7+
Ka8 40. Bf4 Qd1+ 41. Kh2 Rd8 42. Qc6+ Ka7 43. Bc7 Qb1 44. Bxd8 a5 45. Qc7+ Ka6
46. Qc8+ Ka7 47. Bc7 1-0

[Event "Festival de Mulhouse 2021 Tournoi MI"]
[Site "MULHOUSE"]
[Date "2021.06.26"]
[Round "6.2"]
[White "Flear, Glenn C"]
[Black "Lerch, Patrice"]
[Result "1/2-1/2"]
[WhiteElo "2433"]
[BlackElo "2354"]
[PlyCount "62"]
[EventDate "2021.??.??"]
[WhiteTeam "L'Echiquier du Roy René"]
[BlackTeam "Mulhouse Philidor"]

1. d4 Nf6 2. c4 e6 3. Nc3 Bb4 4. Qc2 c5 5. dxc5 O-O 6. a3 Bxc5 7. Nf3 b6 8. Bf4
Bb7 9. Rd1 Nc6 10. e3 Nh5 11. Bg3 Be7 12. Be2 h6 13. Bd6 Rc8 14. Qd2 Na5 15.
Bxe7 Qxe7 16. Qxd7 Qxd7 17. Rxd7 Nf6 18. Rd4 Bxf3 19. gxf3 e5 20. Rd6 Nxc4 21.
Bxc4 Rxc4 22. O-O Rfc8 23. Rfd1 Kf8 24. R1d2 Ke7 25. Kg2 R4c5 26. Ne4 Nxe4 27.
Rd7+ Ke8 28. fxe4 R5c7 29. R7d5 Rc5 30. Rd7 R5c7 31. R7d5 Rc5 1/2-1/2

[Event "Festival de Mulhouse 2021 Tournoi MI"]
[Site "MULHOUSE"]
[Date "2021.06.26"]
[Round "6.3"]
[White "Viennot, Dylan"]
[Black "Riff, Vincent"]
[Result "1/2-1/2"]
[WhiteElo "2332"]
[BlackElo "2405"]
[PlyCount "20"]
[EventDate "2021.??.??"]
[WhiteTeam "Sundgau Echecs"]
[BlackTeam "Grasse Echecs"]

1. e4 e6 2. d4 d5 3. Nc3 dxe4 4. Nxe4 Nd7 5. Nf3 Ngf6 6. Bd3 Nxe4 7. Bxe4 Nf6
8. Bd3 Bb4+ 9. c3 Be7 10. O-O O-O 1/2-1/2

[Event "Festival de Mulhouse 2021 Tournoi MI"]
[Site "MULHOUSE"]
[Date "2021.06.26"]
[Round "6.4"]
[White "Papadiamandis, Elliot"]
[Black "Materia, Marco"]
[Result "1/2-1/2"]
[WhiteElo "2327"]
[BlackElo "2287"]
[PlyCount "76"]
[EventDate "2021.??.??"]
[WhiteTeam "Mulhouse Philidor"]
[BlackTeam "Nomad' Echecs"]

1. e4 c5 2. Nf3 e6 3. d4 cxd4 4. Nxd4 Nc6 5. Nc3 Qc7 6. Be3 a6 7. Qd2 Nf6 8. f4
d6 9. Be2 Be7 10. O-O-O O-O 11. g4 Nxd4 12. Qxd4 Rd8 13. g5 Ne8 14. f5 b5 15.
Rhf1 Bf8 16. h4 Rb8 17. fxe6 Bxe6 18. Nd5 Bxd5 19. Qxd5 Qb7 20. Qf5 g6 21. Qf2
Rd7 22. h5 Bg7 23. hxg6 hxg6 24. Qh4 Re7 25. Bf3 Rc8 26. Bd4 Qc6 27. Rf2 Re5
28. Rh1 Qc4 29. Bxe5 Bxe5 30. Bg4 Rc7 31. Kb1 Bg7 32. e5 dxe5 33. Bf3 Nd6 34.
Qxc4 Rxc4 35. Rd2 Bf8 36. Rdh2 Bg7 37. Rd2 Bf8 38. Rdh2 Bg7 1/2-1/2

[Event "Festival de Mulhouse 2021 Tournoi MI"]
[Site "MULHOUSE"]
[Date "2021.06.26"]
[Round "6.5"]
[White "Klek, Hanna Marie"]
[Black "Colmenares, Aurelio"]
[Result "1/2-1/2"]
[WhiteElo "2265"]
[BlackElo "2316"]
[PlyCount "128"]
[EventDate "2021.??.??"]
[BlackTeam "CE du Bassin Annemassien - Diagonale de l'Arv"]

1. e4 e5 2. Nf3 Nf6 3. d4 Nxe4 4. Bd3 d5 5. dxe5 Bf5 6. O-O Nc6 7. Qe2 Bg6 8.
Rd1 Bc5 9. Bxe4 Bxe4 10. Nc3 Bxf3 11. Qxf3 d4 12. Qg3 Qd7 13. Ne4 Bb6 14. Bg5
Qf5 15. Re1 h6 16. Bh4 O-O 17. Kh1 Kh8 18. f4 Rg8 19. a4 Rae8 20. Qf3 a5 21.
Rad1 Nb4 22. Rd2 Nd5 23. Bg3 Ne7 24. Rde2 Qd7 25. b3 Nf5 26. Bf2 Qc6 27. Qh3
Qg6 28. Ng5 Ne3 29. Bxe3 dxe3 30. Nf3 Qe4 31. f5 Rxe5 32. Nxe5 Qxe5 33. Rd1 Re8
34. Qf3 Kh7 35. g3 Qf6 36. Kg2 Re7 37. h4 Re5 38. Rd5 Re7 39. Rd1 Re8 40. Kh2
Re5 41. Rd5 Re7 42. Qf4 c6 43. Rd6 Bc7 44. Rxf6 Bxf4 45. Rxc6 Bxg3+ 46. Kxg3
bxc6 47. Kf4 g5+ 48. hxg5 hxg5+ 49. Kxg5 Re4 50. f6 c5 51. c3 Kg8 52. Kf5 Re6
53. Kf4 Kf8 54. Rxe3 Rxf6+ 55. Kg4 Re6 56. Rd3 c4 57. bxc4 Re4+ 58. Kf5 Rxc4
59. Rd4 Rc5+ 60. Kf6 Rc6+ 61. Ke5 Rxc3 62. Rd5 Rh3 63. Kd6 Rh6+ 64. Kc7 Ke7
1/2-1/2

[Event "Festival de Mulhouse 2021 Tournoi MI"]
[Site "MULHOUSE"]
[Date "2021.06.26"]
[Round "7.1"]
[White "Colmenares, Aurelio"]
[Black "Delchev, Aleksander"]
[Result "1/2-1/2"]
[WhiteElo "2316"]
[BlackElo "2503"]
[PlyCount "30"]
[EventDate "2021.??.??"]
[WhiteTeam "CE du Bassin Annemassien - Diagonale de l'Arv"]
[BlackTeam "Asnières - Le Grand Echiquier"]

1. Nf3 d5 2. e3 Nf6 3. c4 c6 4. Nc3 g6 5. b3 Bg7 6. Bb2 O-O 7. Be2 b6 8. O-O
Bb7 9. cxd5 cxd5 10. Rc1 Nc6 11. Nb5 Rc8 12. Nbd4 Nxd4 13. Bxd4 Qd6 14. Rxc8
Rxc8 15. Qa1 Ne8 1/2-1/2

[Event "Festival de Mulhouse 2021 Tournoi MI"]
[Site "MULHOUSE"]
[Date "2021.06.26"]
[Round "7.2"]
[White "Kuhn, Clement"]
[Black "Flear, Glenn C"]
[Result "0-1"]
[WhiteElo "2302"]
[BlackElo "2433"]
[PlyCount "90"]
[EventDate "2021.??.??"]
[WhiteTeam "Ecole Française d'Echecs de Metz"]
[BlackTeam "L'Echiquier du Roy René"]

1. e4 e5 2. Nf3 Nc6 3. Bb5 a6 4. Ba4 Nf6 5. O-O Bc5 6. c3 O-O 7. d4 Ba7 8. dxe5
Nxe4 9. Bc2 d5 10. Nbd2 Bf5 11. Nxe4 dxe4 12. Qxd8 Raxd8 13. Ng5 Nxe5 14. Nxe4
Nd3 15. Bxd3 Rxd3 16. Ng3 Be6 17. Bf4 c6 18. Rfd1 Rfd8 19. Rxd3 Rxd3 20. Kf1 f5
21. Ke1 Kf7 22. h4 g6 23. Ne2 Rd7 24. Be3 Bxe3 25. fxe3 Rd3 26. Nf4 Rxe3+ 27.
Kf2 Re4 28. g3 a5 29. Rd1 Ke7 30. a3 Bf7 31. Kf3 h6 32. Nd3 g5 33. Re1 Rxe1 34.
Nxe1 Bd5+ 35. Ke3 Be4 36. hxg5 hxg5 37. b4 axb4 38. axb4 Kd6 39. Kd4 b6 40. g4
Ke6 41. c4 Kf6 42. gxf5 Kxf5 43. Ke3 Ke5 44. c5 bxc5 45. bxc5 Kd5 0-1

[Event "Festival de Mulhouse 2021 Tournoi MI"]
[Site "MULHOUSE"]
[Date "2021.06.26"]
[Round "7.3"]
[White "Riff, Vincent"]
[Black "Papadiamandis, Elliot"]
[Result "0-1"]
[WhiteElo "2405"]
[BlackElo "2327"]
[PlyCount "70"]
[EventDate "2021.??.??"]
[WhiteTeam "Grasse Echecs"]
[BlackTeam "Mulhouse Philidor"]

{[%evp 0,70,19,31,25,15,49,54,28,39,37,26,41,-5,20,18,34,32,29,26,72,-8,-9,-60,
46,-19,-24,-24,-23,-27,-4,-3,47,20,8,-28,-20,-20,12,-33,2,-12,31,-1,1,-24,-19,
-24,-31,-64,-39,-72,-47,-80,-83,-83,-61,-151,-106,-220,-167,-167,-167,-240,
-259,-259,-248,-338,-320,-755,-755,-763,-783]} 1. d4 Nf6 2. Bf4 g6 3. Nc3 d5 4.
e3 Bg7 5. h4 h6 6. Qd2 c6 7. Nf3 b5 8. a3 a5 9. Ne5 Nfd7 10. Bd3 Nxe5 11. dxe5
h5 12. Bg3 Na6 13. O-O O-O 14. Ne2 b4 15. Rfd1 e6 16. Nd4 Qb6 17. Bf4 c5 18.
Nf3 Bb7 19. Ng5 Rfd8 20. Be2 d4 21. exd4 Rxd4 22. Qe3 Nc7 23. Rxd4 cxd4 24. Qd2
Nd5 25. Bg3 Rc8 26. Bd3 bxa3 27. Rxa3 Bf8 28. Nxf7 Kxf7 29. Qg5 Bxa3 30. Bxg6+
Kf8 31. Qh6+ Ke7 32. bxa3 Kd7 33. Bxh5 Ne7 34. Bf4 Qb1+ 35. Kh2 Qf1 0-1

[Event "Festival de Mulhouse 2021 Tournoi MI"]
[Site "MULHOUSE"]
[Date "2021.06.26"]
[Round "7.4"]
[White "Lerch, Patrice"]
[Black "Viennot, Dylan"]
[Result "1/2-1/2"]
[WhiteElo "2354"]
[BlackElo "2332"]
[PlyCount "30"]
[EventDate "2021.??.??"]
[WhiteTeam "Mulhouse Philidor"]
[BlackTeam "Sundgau Echecs"]

1. e4 e6 2. f4 d5 3. e5 c5 4. Nf3 Nc6 5. c3 Nge7 6. Na3 d4 7. Bd3 Nd5 8. O-O
Nxf4 9. Be4 d3 10. Qe1 Ne2+ 11. Kh1 Be7 12. Qf2 Qd7 13. Qe3 h6 14. Bxd3 Nxc1
15. Raxc1 b6 1/2-1/2

[Event "Festival de Mulhouse 2021 Tournoi MI"]
[Site "MULHOUSE"]
[Date "2021.06.26"]
[Round "7.5"]
[White "Materia, Marco"]
[Black "Klek, Hanna Marie"]
[Result "1/2-1/2"]
[WhiteElo "2287"]
[BlackElo "2265"]
[PlyCount "106"]
[EventDate "2021.??.??"]
[WhiteTeam "Nomad' Echecs"]

1. d4 d5 2. c4 e6 3. Nf3 Nf6 4. Nc3 Be7 5. Bg5 h6 6. Bxf6 Bxf6 7. Qd2 c6 8. e3
O-O 9. Be2 Nd7 10. Rd1 b6 11. O-O Be7 12. e4 dxc4 13. Bxc4 b5 14. Bd3 b4 15.
Ne2 Qa5 16. Rfe1 Rd8 17. Ng3 Bb7 18. Bb1 Nf8 19. Qf4 c5 20. d5 Ng6 21. Qg4 Qb6
22. e5 Rxd5 23. Nh5 Rxd1 24. Rxd1 Rd8 25. Re1 Bxf3 26. gxf3 Rd4 27. f4 Kh7 28.
h4 Qd8 29. Kh2 Bf8 30. Re3 Rd2 31. Kg2 Rxb2 32. Bxg6+ fxg6 33. Ng3 Qd5+ 34. Ne4
c4 35. h5 gxh5 36. Qxh5 b3 37. Kh2 Qxe4 38. Rxe4 bxa2 39. Re1 Rb1 40. Qe2 a1=Q
41. Qe4+ Kg8 42. Rxb1 Qa2 43. Kg2 c3 44. Rb8 Qa3 45. Rc8 a5 46. f5 exf5 47.
Qd5+ Kh7 48. e6 Qe7 49. Rxc3 Qf6 50. Rf3 Qg5+ 51. Rg3 Qf6 52. Rf3 Qg5+ 53. Rg3
Qf6 1/2-1/2

[Event "Festival de Mulhouse 2021 Tournoi MI"]
[Site "MULHOUSE"]
[Date "2021.06.26"]
[Round "8.1"]
[White "Delchev, Aleksander"]
[Black "Materia, Marco"]
[Result "1/2-1/2"]
[WhiteElo "2503"]
[BlackElo "2287"]
[PlyCount "53"]
[EventDate "2021.??.??"]
[WhiteTeam "Asnières - Le Grand Echiquier"]
[BlackTeam "Nomad' Echecs"]

1. Nf3 d5 2. d4 Nf6 3. c4 e6 4. g3 Bb4+ 5. Bd2 Bd6 6. Nc3 O-O 7. Bg2 Nbd7 8.
Qb3 c6 9. O-O h6 10. Rad1 Be7 11. Bc1 a5 12. Nd2 Qb6 13. e4 Qxd4 14. cxd5 cxd5
15. exd5 exd5 16. Nde4 Qb4 17. Nxd5 Nxd5 18. Qxd5 Nf6 19. Qe5 Nxe4 20. a3 Bf6
21. Qxf6 Nxf6 22. axb4 axb4 23. b3 Be6 24. Rd4 Bxb3 25. Rxb4 Bd5 26. Bxd5 Nxd5
27. Rxb7 1/2-1/2

[Event "Festival de Mulhouse 2021 Tournoi MI"]
[Site "MULHOUSE"]
[Date "2021.06.26"]
[Round "8.2"]
[White "Flear, Glenn C"]
[Black "Viennot, Dylan"]
[Result "1-0"]
[WhiteElo "2433"]
[BlackElo "2332"]
[PlyCount "73"]
[EventDate "2021.??.??"]
[WhiteTeam "L'Echiquier du Roy René"]
[BlackTeam "Sundgau Echecs"]

1. d4 e6 2. c4 Nf6 3. Nc3 Bb4 4. Qc2 d5 5. cxd5 exd5 6. Bg5 h6 7. Bxf6 Qxf6 8.
a3 Bxc3+ 9. Qxc3 c6 10. e3 O-O 11. Nf3 Re8 12. b4 Bf5 13. Be2 Nd7 14. O-O h5
15. Rac1 h4 16. h3 a6 17. Rfe1 Re6 18. a4 Rae8 19. b5 axb5 20. axb5 Qh6 21.
bxc6 bxc6 22. Bd3 Bxd3 23. Qxd3 Nb6 24. Ne5 Rxe5 25. dxe5 Rxe5 26. Qb3 Nd7 27.
Qb7 Nf6 28. Rxc6 Qh5 29. Rc8+ Kh7 30. Qb8 Kg6 31. Rh8 Nh7 32. Ra1 f6 33. Ra7
Qh6 34. Qg8 Rxe3 35. Qf7+ Kf5 36. Qxd5+ Re5 37. Qd3+ 1-0

[Event "Festival de Mulhouse 2021 Tournoi MI"]
[Site "MULHOUSE"]
[Date "2021.06.26"]
[Round "8.3"]
[White "Klek, Hanna Marie"]
[Black "Riff, Vincent"]
[Result "0-1"]
[WhiteElo "2265"]
[BlackElo "2405"]
[PlyCount "64"]
[EventDate "2021.??.??"]
[BlackTeam "Grasse Echecs"]

1. e4 c5 2. Nf3 Nc6 3. d4 cxd4 4. Nxd4 e5 5. Nb5 d6 6. N1c3 a6 7. Na3 b5 8. Nd5
Nge7 9. c4 Nd4 10. cxb5 Nxd5 11. exd5 Bd7 12. Be3 Be7 13. Bd3 Nf5 14. Bxf5 Bxf5
15. b6 O-O 16. Nc4 Qd7 17. a4 e4 18. h3 Bf6 19. Rc1 Rab8 20. b3 h6 21. Qd2 Rfe8
22. Ke2 Bg6 23. Qb4 Be5 24. Nxe5 Rxe5 25. Rc7 Qf5 26. Rhc1 Rxd5 27. b7 Bh5+ 28.
Ke1 Kh7 29. Qc4 Rd3 30. Qxa6 Qe5 31. Rc8 d5 32. Rxb8 Qc3+ 0-1

[Event "Festival de Mulhouse 2021 Tournoi MI"]
[Site "MULHOUSE"]
[Date "2021.06.26"]
[Round "8.4"]
[White "Papadiamandis, Elliot"]
[Black "Lerch, Patrice"]
[Result "1-0"]
[WhiteElo "2327"]
[BlackElo "2354"]
[PlyCount "75"]
[EventDate "2021.??.??"]
[WhiteTeam "Mulhouse Philidor"]
[BlackTeam "Mulhouse Philidor"]

1. e4 c5 2. Nc3 Nc6 3. Bb5 Qc7 4. Bxc6 dxc6 5. d3 e5 6. f4 Bd6 7. Nf3 Bg4 8. f5
Be7 9. O-O h6 10. Be3 Nf6 11. h3 Bxf3 12. Qxf3 a5 13. Qg3 Kf8 14. a4 Nd7 15.
Qf3 Re8 16. Ne2 Kg8 17. g3 Bg5 18. Bf2 h5 19. Kg2 Qd8 20. Ng1 Be7 21. Qe2 Bf6
22. Nf3 Qe7 23. Be3 Qd6 24. g4 Bd8 25. g5 Bc7 26. Nh4 Rb8 27. Kh1 b6 28. g6 Nf8
29. f6 Nxg6 30. fxg7 Rh7 31. Nf5 Qe6 32. Nh6+ Rxh6 33. Bxh6 Qxh3+ 34. Qh2 Qxh2+
35. Kxh2 Bd8 36. Rf5 h4 37. Raf1 Rb7 38. Rg1 1-0